Método de investigación social (Registro nro. 4167)

Detalles MARC
000 -LEADER
fixed length control field 01694 a2200229 4500
001 - CONTROL NUMBER
control field 46263
005 - DATE AND TIME OF LATEST TRANSACTION
control field 20260407155734.0
008 - FIXED-LENGTH DATA ELEMENTS--GENERAL INFORMATION
fixed length control field 260407a1976 arg spa d
003 - CONTROL NUMBER IDENTIFIER
control field AR-UNSa-BCEJYS
040 ## - CATALOGING SOURCE
Original cataloging agency AR-UNSa-BCEJYS
Language of cataloging spa
Transcribing agency AR-UNSa-BCEJYS
080 ## - UNIVERSAL DECIMAL CLASSIFICATION NUMBER
Universal Decimal Classification number 303.4
Common auxiliary subdivision Tipos de investigación. estrategias de investigación. diseño de la investigación social
100 1# - MAIN ENTRY--PERSONAL NAME
Personal name Palazón, Ramón
245 10 - TITLE STATEMENT
Title Método de investigación social
264 #1 - PRODUCTION, PUBLICATION, DISTRIBUTION, MANUFACTURE, AND COPYRIGHT NOTICE
Place of production, publication, distribution, manufacture México :
Name of producer, publisher, distributor, manufacturer Trillas
Date of production, publication, distribution, manufacture, or copyright notice 1976
300 ## - PHYSICAL DESCRIPTION
Extent 469 p.
Dimensions 23 cm.
505 ## - FORMATTED CONTENTS NOTE
Formatted contents note 1. La nueva sociología - 2. Ciencia: teoría y hecho – 3. Valores y ciencia – 4. Ciencia pura y ciencia aplicada – 5. Elementos fundamentales del método científico: los conceptos – 6. Elementos fundamentales del método científico: las hipótesis – 7. Planteamiento de la prueba: comprobación de hipótesis – 8. Otros problemas del establecimiento del pan para la investigación – 9. Utilización de la biblioteca – 10. Observación – 11. Construcción de cuestionarios – 12. El cuestionario por correo – 13. La entrevista – 14. Probabilidades y muestreo – 15. Técnicas de escalamiento: problema fundamental – 16. Técnicas de escalamiento: escalas de distancia social, sociométricas y de calificación – 17. Técnicas de escalamiento: escalas de categoría, de congruencia interna y escalogramas – 18. Investigación demográfica – 19. Algunos problemas de los análisis cuantitativos y de casos – 20. Análisis de datos – 21. Preparación del informe –
590 ## - LOCAL NOTE (RLIN)
Local note niveau_biblio:m niveau_hierar:0
700 1# - ADDED ENTRY--PERSONAL NAME
Personal name Hatt, Paul K.
700 1# - ADDED ENTRY--PERSONAL NAME
Personal name Goode, William J.
700 1# - ADDED ENTRY--PERSONAL NAME
Personal name Odilón Valadés, Adrián
942 ## - ADDED ENTRY ELEMENTS (KOHA)
Koha item type
Existencias
Withdrawn status Lost status Damaged status Not for loan Home library Current library Shelving location Date acquired Total checkouts Full call number Barcode Date last seen Price effective from Koha item type
        Biblioteca Prof. Eusebio Cleto del Rey Biblioteca Prof. Eusebio Cleto del Rey   07/04/2026   303.4 G647 L12410 07/04/2026 07/04/2026 Libro
        Biblioteca Prof. Eusebio Cleto del Rey Biblioteca Prof. Eusebio Cleto del Rey   07/04/2026   303.4 G647 L12411 07/04/2026 07/04/2026 Libro